Columbus Crew current squad - Statistics

General Stats
  • This quiz has been taken 20 times
  • The average score is 12 of 29
Answer Stats
Number Player % Correct
11 Gyasi Zardes
81%
21 Aidan Morris
69%
33 Jake Morris
63%
4 Jonathan Mensah
63%
10 Lucas Zelarayan
63%
7 Pedro Santos
63%
20 Alexandru Matan
56%
8 Artur
56%
6 Darlington Nagbe
56%
12 Luis Diaz
56%
24 Evan Bush
50%
3 Josh Williams
50%
5 Milos Degenek
50%
28 Patrick Schulte
50%
30 Will Sands
44%
22 Derick Etienne Jr
38%
27 Miguel Berry
38%
31 Steven Moreira
38%
14 Yaw Yeboah
38%
2 Perry Kitchen
31%
16 Isaiah Parente
25%
9 Kevin Molino
25%
17 Marlon Hairston
25%
19 Erik Hurtado
19%
26 James Igbekeme
19%
32 Brady Scott
13%
1 Eloy Roon
13%
23 Jalil Anibaba
13%
25 Sean Zawadzki
13%
No matching quizzes found
Score Distribution
Percent of People with Each Score
Percentile by Number Answered
Your Score History
You have not taken this quiz